Catálogo

Vista normal Vista MARC

Entrada Personal Name

Número de registros utilizados en: 1

001 - CONTROL NUMBER

  • control field: 17625

003 - CONTROL NUMBER IDENTIFIER

  • control field: DLC

005 - DATE AND TIME OF LATEST TRANSACTION

  • control field: 20251021094314.0

008 - FIXED-LENGTH DATA ELEMENTS

  • fixed length control field: 100517n| azannaabn |n aaa c

010 ## - LIBRARY OF CONGRESS CONTROL NUMBER

  • LC control number: no2010081275

035 ## - SYSTEM CONTROL NUMBER

  • System control number: (OCoLC)oca08496455

040 ## - CATALOGING SOURCE

  • Original cataloging agency: CSt
  • Language of cataloging: spa
  • Description conventions: rda
  • Transcribing agency: Mx-PuUPA
  • Modifying agency: UPB
  • Modifying agency: Mx-PuUPA

100 1# - HEADING--PERSONAL NAME

  • Personal name: Pérez, Ana Lilia,

370 ## - ASSOCIATED PLACE

  • Place of birth: Ciudad de México (México)
  • Source of term: naf

374 ## - OCCUPATION

  • Occupation: Periodista
  • Occupation: Profesora universitaria
  • Occupation: Autora
  • Source of term: lcsh

375 ## - GENDER

  • Gender: mujer

377 ## - ASSOCIATED LANGUAGE

  • Language code: spa

670 ## - SOURCE DATA FOUND

  • Source citation: Camisas azules, manos negras, 2010:
  • Information found: t.p. (Ana Lilia Pérez)

670 ## - SOURCE DATA FOUND

  • Source citation: Hijos del neoliberalismo, 2023:
  • Information found: title page (Ana Lilia Pérez) front flap (Ana Lilia Pérez, born in Mexico City, is a journalist and university professor)